| 000 | 00562nam a2200193 i 4500 | ||
|---|---|---|---|
| 001 | 51760 | ||
| 003 | ES-MaACL | ||
| 005 | 20240510063043.0 | ||
| 007 | t| | ||
| 008 | 030818s1898 it ||||1| ita d | ||
| 100 | 1 |
_aD'Annunzio, Gabriele, _d1863-1938 _942351 |
|
| 245 | 1 | 0 |
_aI romanzi del giglio / _cGabriele D'Annunzio. |
| 260 |
_aMilano : _bFratelli Treves, _c1898. |
||
| 300 |
_a1 v. ; _c20 cm. |
||
| 505 | 8 | _aContiene: V. I: Le Vergini delle Rocce | |
| 740 | 3 | _aLe Vergini delle Rocce. | |
| 852 |
_aES-MaACL _jF-8980 |
||
| 999 |
_c51760 _d51760 |
||